Perang Paderi di Sumatera Barat, 1803-1838. (Record no. 84513)
[ view plain ]
| 000 -LEADER | |
|---|---|
| fixed length control field | 00678cam a22002411 4500 |
| 001 - CONTROL NUMBER | |
| control field | sa 68012401 |
| 003 - CONTROL NUMBER IDENTIFIER | |
| control field | DLC |
| 005 - DATE AND TIME OF LATEST TRANSACTION | |
| control field | 20260227112610.0 |
| 008 - FIXED-LENGTH DATA ELEMENTS--GENERAL INFORMATION | |
| fixed length control field | 890403r1964uuuuio ab 000 0 ind |
| 010 ## - LIBRARY OF CONGRESS CONTROL NUMBER | |
| LC control number | sa 68012401 |
| 035 ## - SYSTEM CONTROL NUMBER | |
| System control number | (OCoLC)23570368 |
| 040 ## - CATALOGING SOURCE | |
| Original cataloging agency | DLC |
| Transcribing agency | MiU |
| Modifying agency | DLC |
| 042 ## - AUTHENTICATION CODE | |
| Authentication code | premarc |
| 043 ## - GEOGRAPHIC AREA CODE | |
| Geographic area code | a-io--- |
| 050 00 - LIBRARY OF CONGRESS CALL NUMBER | |
| Classification number | DS646.15.S76 |
| Item number | R3 1964 |
| 100 1# - MAIN ENTRY--PERSONAL NAME | |
| Personal name | Radjab, Muhamad. |
| 245 10 - TITLE STATEMENT | |
| Title | Perang Paderi di Sumatera Barat, 1803-1838. |
| 250 ## - EDITION STATEMENT | |
| Edition statement | Tjet 2. |
| 260 ## - PUBLICATION, DISTRIBUTION, ETC. | |
| Place of publication, distribution, etc. | Djakarta, |
| Name of publisher, distributor, etc. | Balai Pustaka, |
| Date of publication, distribution, etc. | 1964. |
| 300 ## - PHYSICAL DESCRIPTION | |
| Extent | 499 p. |
| Other physical details | illus., maps. |
| Dimensions | 21 cm. |
| 651 #0 - SUBJECT ADDED ENTRY--GEOGRAPHIC NAME | |
| Geographic name | Indonesia |
| General subdivision | History |
| Chronological subdivision | Padri War, 1803-1838. |
| 651 #0 - SUBJECT ADDED ENTRY--GEOGRAPHIC NAME | |
| Geographic name | Sumatera Barat (Indonesia) |
| General subdivision | History. |
No items available.